01831nam a22001697a 4500003000900000005001700009007000300026008004100029020002200070040002500092082001300117110004200130245012100172260003500293300001900328505131400347DO-SdBNP20210915102501.0ta210915b200? ||||| |||| 00| 0 spa d a978-9945-606-38-6 aDO-SdBNPbspacBNPHU aF-bR426 aRepública Dominicanab[Leyes, etc.] aLey No. 17-19 sobre la Erradicación del Comercio Ilícito, Contrabando y Falsificación de Productos Regulados / aSanto Domingo :bDalis,c2000? a32 p. ;c22 cm aCapítulo I. De las disposiciones iniciales 3 -- Capítulo II. De las disposiciones orgánicas y especiales 6 -- Sección I. Del Ministerio Público 6 -- Sección II. Del consejo interinstitucional público-privado de prevención 7 -- Sección III. De las competencias intrínsecas de los órganos reguladores 8 -- Capítulo III. Infracciones y sanciones administrativas 9 -- Capítulo IV. De los delitos y sanciones penales 12 -- Sección I. De los delitos tributarios 12 -- Sección II. Del delito y sanciones del comercio ilícito 13 -- Sección III. Del contrabando y delito aduanero 14 -- Sección IV. Del carácter transnacional de los delitos 17 -- Sección V. De la complicidad 17 -- Sección VI. De los delitos conexos 18 -- Sección VII. De los delitos de obstrucción de la justicia 18 -- Sección VIII. De la reincidencia 19 -- Capítulo V. Recursos administrativos 19 -- Capítulo VI. De la acción judicial 19 -- Sección I. De la competencia judicial 19 -- Sección II. Del decomiso y destrucción de productos 20 -- Sección III. Del destino de los bienes decomisados 21 -- Sección IV. De las técnicas de investigación del comercio ilícito 21 -- Capítulo VII. De las disposiciones generales 22 -- Disposiciones transitorias 23 -- Disposición final 23